Finančno - ekonomická analýza podniku pred a po dopadoch krízy bakalárska práca

Saved in:
Bibliographic Details
Main Author: Hiková, Jana
Corporate Author: Fakulta podnikového manažmentu EU. Katedra podnikových financií
Other Authors: Bešinová, Zuzana
Format: Book
Language:Slovak
Published: Bratislava 2011
Tags: Add Tag
No Tags, Be the first to tag this record!

MARC

LEADER 00000nbm a2200000 4500
001 0131391
005 20161109111422.2
041 0 |a slo 
044 |a SK 
245 1 0 |a Finančno - ekonomická analýza podniku pred a po dopadoch krízy  |b bakalárska práca  |c Jana Hiková ; školiteľ: Zuzana Bešinová 
264 1 |a Bratislava  |c 2011 
300 |a 34 s. 
100 1 |a Hiková, Jana 
700 1 |a Bešinová, Zuzana 
710 2 |a Fakulta podnikového manažmentu EU. Katedra podnikových financií